00519cam a22002171 4500001001300000003000400013005001700017008004100034010001700075035002000092040001800112042001200130050002000142100003700162245002600199260001100225300001900236500001600255500001300271999001700284sa 68002162 DLC20260227112440.0890227s1965 xx 000 0 ben  asa 68002162  a(OCoLC)23567868 aDLCcMiUdDLC apremarc00aPK1718.C423bK31 aChatterjee, Hari Narayan,d1916-10aKaśeiṭ kāntā. c[1965] a186 p.c23 cm. aIn Bengali. aA novel. c78488d78488